Star Wars in 99 seconds (lyrics) - Statistics

General Stats
  • This quiz has been taken 27 times
    20 since last reset
  • The average score is 63 of 218
Answer Stats
Answer % Correct
a
100%
A
100%
I
92%
galaxy
69%
galaxy,
69%
in
69%
Luke
69%
Luke,
69%
Darth
62%
Jedi
62%
Leia
62%
the
62%
The
62%
Vader
62%
away
54%
Far
54%
far
54%
ago,
46%
ago
46%
Anakin
46%
Han
46%
Long,
46%
long
46%
Long
46%
Obi-Wan
46%
sky
46%
Skywalker
46%
time
46%
do
38%
force,
38%
Maul
38%
Sid
38%
Tatooine
38%
and
31%
is
31%
on
31%
or
31%
Padmé
31%
princess
31%
There
31%
was
31%
who
31%
are
23%
clone
23%
dark
23%
father,
23%
no
23%
No
23%
No,
23%
once
23%
Qui
23%
space
23%
to
23%
you
23%
your
23%
Your
23%
all
15%
boy
15%
by
15%
don't,
15%
(ew.)
15%
flies,
15%
free
15%
from
15%
He
15%
I'm
15%
It's
15%
Kill
15%
live
15%
love
15%
man
15%
my
15%
only
15%
Order
15%
plans,
15%
sand
15%
save
15%
ship
15%
shoot
15%
son
15%
then
15%
there's
15%
This
15%
try
15%
Try
15%
Use
15%
(what?!)
15%
age,
8%
Alderaan's
8%
Ani,
8%
Ani's
8%
at
8%
baby
8%
bae
8%
betrays
8%
better
8%
big
8%
breaking
8%
Burn
8%
carpet
8%
chokes
8%
chopped
8%
clones
8%
Close
8%
cougar
8%
daddykins
8%
daughter
8%
destined
8%
dynasty
8%
evil
8%
eyes
8%
first
8%
flayed,
8%
friends
8%
frozen
8%
gets
8%
gone
8%
goodness
8%
got
8%
half
8%
Han's
8%
heart
8%
hides
8%
him
8%
hits
8%
hopie
8%
killed
8%
kissing
8%
know
8%
Lando
8%
last
8%
Look,
8%
made
8%
mom
8%
Mommy
8%
moon
8%
must
8%
one
8%
out
8%
Padmé's
8%
past
8%
pay
8%
people
8%
pod
8%
queen
8%
race
8%
rampage
8%
robo
8%
shoots
8%
side
8%
slain
8%
slave
8%
small
8%
strayed
8%
takes
8%
Thanks
8%
That's
8%
throne,
8%
tiny
8%
train
8%
turn
8%
united
8%
walking
8%
wins
8%
worshipfullness,
8%
younglings
8%
You're
8%
No matching quizzes found
Score Distribution
Percent of People with Each Score
Percentile by Number Answered
Your Score History
You have not taken this quiz since the last reset